Central Library OPAC University of Rajshahi

Preface to critical reading / (Record no. 17584)

MARC details
000 -LEADER
fixed length control field 00776cam a22002771 4500
001 - CONTROL NUMBER
control field 17584
003 - CONTROL NUMBER IDENTIFIER
rucl marc code BD-RjUL
005 - DATE AND TIME OF LATEST TRANSACTION
control field 20211209000149.0
008 - FIXED-LENGTH DATA ELEMENTS--GENERAL INFORMATION
fixed length control field 140217s1956 nyu 001 0 eng d
035 ## - SYSTEM CONTROL NUMBER
System control number (BD-RjUL)17642
System control number (OCoLC)2755017
040 ## - CATALOGING SOURCE
Original cataloging agency DLC
Transcribing agency OClU
Modifying agency OCoLC
-- DLC
-- BD-RjUL
Language of cataloging eng
041 ## - LANGUAGE CODE
Language code of text/sound track or separate title eng
082 00 - DEWEY DECIMAL CLASSIFICATION NUMBER
Classification number 808
Author mark and year ALP 1956
100 1# - MAIN ENTRY--PERSONAL NAME
Personal name Altick, Richard D.
Fuller form of name (Richard Daniel),
Dates associated with a name 1915-2008.
9 (RLIN) 3003
245 10 - TITLE STATEMENT
Title Preface to critical reading /
Statement of responsibility, etc. Richard D. Altick,
250 ## - EDITION STATEMENT
Edition statement 3d ed.
260 ## - PUBLICATION, DISTRIBUTION, ETC. (IMPRINT)
Place of publication, distribution, etc. New York :
Name of publisher, distributor, etc. Holt,
Date of publication, distribution, etc. c1956
300 ## - PHYSICAL DESCRIPTION
Pagination 298 p. ;
Size 22 cm.
504 ## - BIBLIOGRAPHY, ETC. NOTE
Bibliography, etc Includes Index
650 #0 - SUBJECT ADDED ENTRY--TOPICAL TERM
Topical term or geographic name as entry element English language
General subdivision Rhetoric.
9 (RLIN) 54206
Topical term or geographic name as entry element Reading.
9 (RLIN) 54207
942 ## - ADDED ENTRY ELEMENTS (KOHA)
Source of classification or shelving scheme Dewey Decimal Classification
Koha item type Books
Holdings
Lost status Source of classification or shelving scheme Damaged status Not for loan Collection code Permanent Location Current Location Shelving location Date acquired Source of acquisition Total Checkouts Full call number Date last seen Copy number Koha item type
  Dewey Decimal Classification   Not For Loan Non-fiction Central Library, University of Rajshahi Central Library, University of Rajshahi Reading Room   Asia foundation Gift   808 ALP 1956 17/02/2014 C-1 Books